|
|
|
|
| LEADER |
01195nam a22003012a 4500 |
| 001 |
000389384 |
| 003 |
CZ BrMZK |
| 005 |
20230618205057.0 |
| 007 |
ta |
| 008 |
980107s1973 xr f 000 0 cze d |
| 015 |
|
|
|a cnb000461193
|
| 035 |
|
|
|a (OCoLC)42128525
|
| 040 |
|
|
|a BOA001
|b cze
|
| 100 |
1 |
|
|a Petrásek, Jan,
|d 1918-
|7 jk01092799
|4 aut
|
| 245 |
1 |
0 |
|a Dějiny těsnopisu /
|c Jan Petrásek
|
| 250 |
|
|
|a 1. vyd.
|
| 260 |
|
|
|a Praha :
|b Státní pedagogické nakladatelství,
|c 1973
|
| 300 |
|
|
|a 197 s.
|
| 490 |
1 |
|
|a Odborná literatura pro veřejnost
|
| 504 |
|
|
|a Obsahuje bibliografii
|
| 830 |
|
0 |
|a Odborná literatura pro veřejnost
|0 s
|
| 856 |
4 |
1 |
|u https://www.digitalniknihovna.cz/mzk/uuid/uuid:5d11b6c0-6647-11e3-ae59-005056827e52
|y Digitalizovaný dokument
|x NDK
|
| 910 |
|
|
|a BOA001
|b PK-0069.622
|b 2-0710.747
|
| 964 |
|
|
|a Těsnopis - dějiny
|
| 990 |
|
|
|a BK
|
| 996 |
6 |
|
|b 2619657483
|c 2-0710.747
|l Sklad H1
|r Sklad / do 24 hodin
|n 0
|h HS212
|w 000389384
|u 000030
|a 1
|e BOA001
|j MZK50
|s P
|
| 996 |
7 |
|
|b 3119814076
|c PK-0069.622
|l MZK
|r Sklad / do 1 hodiny
|n 2
|w 000389384
|u 000020
|a 1
|e BOA001
|j MZK50
|s A
|
| 996 |
7 |
|
|b 3119814077
|c PK-0069.622
|l MZK
|r Sklad / do 1 hodiny
|n 8
|w 000389384
|u 000010
|a 1
|e BOA001
|j MZK50
|s A
|